000 00613cam a22001814a 4500
005 20250605164353.0
008 250528s ||||||||||||||||||||||||d
035 _a24154
040 _aGR-AtMCL
_bgre
_dGR-AtMCL
_eAACR2
245 1 _aDesign Kit for Radio Applications based on the Raspberry Pi
260 _bEe Times Europe,
_c2019
300 _a51
520 _aOpinion, News and Technology, User Interfaces, Digital Signal Processing and Accelerators, Wireless Communications, Reader Offer, Distribution Corner.
700 1 _aHappich Julien
_99416
942 _cCR
999 _c9051
_d9051